000 00286 a2200145 4500
001 59298
020 _a8574026786
040 _cAnchieta - Pituba
240 1 0 _aRichard Strauss
_lpor
245 1 0 _aRichard Strauss
300 _a52
362 0 _a2005
650 4 _aMúsica
942 _cBK
999 _c59298
_d59298